000 01079nam a2200277Ia 4500
005 20240530110946.0
008 140319s2021 ua a g 000 0 ara d
017 _bمصر. دار الكتب
_a2020/9545
020 _a9789776752528
040 _aGCL /
_cGCL
082 0 4 _221
_a306.88
_bر ط
100 0 _aرانيا محمود مسعد
245 1 2 _aالطلاق العاطفى بين التفكك الاسرى والتوافق الزوجى /
_cاعداد رانيا محمود مسعد، فايزة احمد ستاتى
250 _aط. 1
260 _aالقاهرة :
_bروابط للنشر وتقنية المعلومات،
_c2021.
300 _a178 ص. :
_bايض ؛
_c24 سم.
650 0 7 _aالطلاق
650 0 7 _aالطلاق العاطفى
650 0 7 _aالعلاقات الاسرية
650 0 7 _aالعلاقات الزوجية
650 0 7 _aالحقوق الزوجية
650 0 7 _aالطلاق
700 0 _aفايزة احمد ستاتى
_eمعد مشارك
942 _2ddc
_cBK
999 _c66900
_d66900